000 00444nam a2200181Ia 4500
001 4336
005 20260306145748.0
008 260306t2007||||xx |||||||||||||| ||spa||
041 _aESP
082 _a320.98
_bC96
100 _aAljovín de Losada, Cristobal
_eAUT
245 0 _aCultura política en los andes (1750-1950)
260 _c2007
300 _a565 páginas :
_ccm.
650 _aGEN
654 _aCDE
942 _cLIB
_dJUS
_fJUS
_2ddc
_n
999 _c4336
_d4336